Leaders Fallaci Interviewed - Statistics

General Stats
  • This quiz has been taken 4 times
  • The average score is 8 of 18
Answer Stats
Hint Answer % Correct
U.S. Secretary of State and National Security Advisor during the Cold War, renowned for his 'shuttle diplomacy' Henry Kissinger
100%
The first and only female Prime Minister of India, known for her strong political leadership and controversial policies. Indira Gandhi
100%
Palestinian political leader and chairman of the Palestine Liberation Organization, a central figure in the Israeli-Palestinian conflict. Yasser Arafat
100%
The fourth Prime Minister of Israel, often referred to as the "Iron Lady" of Israeli politics. Golda Meir
75%
Emperor of Ethiopia and a central figure in African unity and resistance against colonialism. Haile Selassie
75%
Iranian religious leader and revolutionary, founder of the Islamic Republic of Iran and its first Supreme Leader. Ayatollah Khomeini
50%
Chinese leader who initiated major economic reforms and modernization in China after the Cultural Revolution. Deng Xiaoping
50%
Polish labor activist, leader of the Solidarity movement, and Nobel Peace Prize laureate who played a pivotal role in ending communist rule in Poland. Lech Wałęsa
50%
The last Shah of Iran, known for his modernization efforts and eventual overthrow during the Iranian Revolution. Mohammad Reza Pahlavi
50%
Libyan revolutionary leader and dictator, known for his controversial policies and long tenure as de facto ruler of Libya. Muammar Gaddafi
50%
German Chancellor and Nobel Peace Prize laureate, recognized for his efforts to improve East-West relations during the Cold War. Willy Brandt
50%
The ninth Prime Minister of Pakistan, founder of the Pakistan People's Party, and a pivotal figure in the nation's political history. Zulfikar Ali Bhutto
50%
Greek economist and politician, Prime Minister of Greece, and a significant figure in modern Greek politics. Andreas Papandreou
25%
Founder of the Popular Front for the Liberation of Palestine, a prominent figure in Palestinian nationalist movements. George Habash
0%
the first President of Cyprus, who was both a religious leader as Archbishop of the Cypriot Orthodox Church Makários III
0%
Portuguese politician and Prime Minister, instrumental in the democratization of Portugal following the Carnation Revolution. Mário Soares
0%
President of South Vietnam during the Vietnam War, notable for his leadership amid the conflict with North Vietnam. Nguyễn Văn Thiệu
0%
North Vietnamese general nicknamed 'Red Napoleon', key architect of Vietnam's victories against French and American forces. Võ Nguyên Giáp
0%
No matching quizzes found
Score Distribution
Percent of People with Each Score
Percentile by Number Answered
Your Score History
You have not taken this quiz